000 00477nam a22001817a 4500
003 CEME
005 20210628205358.0
008 210315b xxu||||| |||| 00| 0 eng d
020 _a0-210-56629-X
040 _c.
082 _a006.3 FRE'S
100 _aFreeman, James A
_975244
245 _aSimulating neural networks with mathematica
260 _aNEWYORK
_bADDISON WESLEY
_c1994
300 _aX, 341P
650 _aNEURAL NETWORKS MATHEMATICS
_975245
942 _cBK
_2ddc
999 _c580703
_d580703